| 000 | 00314nam a2200133 a 4500 | ||
|---|---|---|---|
| 001 | 4628 | ||
| 003 | CDMR | ||
| 005 | 20130116135258.0 | ||
| 008 | 130130s2008||||||||||||||||||||||||||||d | ||
| 040 |
_aCDMR _bcat _cCPC GIRONA |
||
| 245 | 0 |
_aGirona _bPostals per al record II |
|
| 260 |
_c2008 _bDiari de Girona |
||
| 942 | _cMON | ||
| 999 |
_c4628 _d4628 |
||